Cargando...

Music and manners in France and Germany (vol.3.)

Detalles Bibliográficos
Autor principal: Henry Fothergill Chorley
Formato: Printed Book
Publicado: New York Cambridge University Press 2009
Materias:
LEADER 00721nam a22002171a 4500
020 |a 9781108001915  |c 0.00 
040 |a SSUS - Library - Kalady 
082 |a 780.943  |b HEN/M 
100 |a Henry Fothergill Chorley 
245 |a Music and manners in France and Germany (vol.3.)  |h [Text] 
260 |a New York  |b Cambridge University Press  |c 2009 
300 |a 290p. 
600 |a Arts 
600 |a Music 
600 |a Music France 
600 |a Music Germany 
600 |a Music Manners 
852 |k Reference  |h 780.943  |i HEN/M  |p 062886  |9 0.00  |t 0 
942 |c REF 
999 |c 29799  |d 29799 
952 |0 0  |1 0  |4 0  |6 R_780_943000000000000_HEN_M  |7 0  |9 42866  |a SSUS  |b SSUS  |d 2015-01-08  |g 0.00  |o R 780.943 HEN/M  |p 062886  |r 2015-01-08  |v 0.00  |w 2015-01-08  |y REF